Artificial Women: Sex Dolls, Robot Caregivers, and More Facsimile Females (Record no. 1672550)
[ view plain ]
| 000 -LEADER | |
|---|---|
| fixed length control field | 00349 a2200121 4500 |
| 000 - LEADER | |
| fixed length control field | nam a22 7a 4500 |
| 005 - DATE AND TIME OF LATEST TRANSACTION | |
| control field | 20260124162747.0 |
| 020 ## - INTERNATIONAL STANDARD BOOK NUMBER | |
| International Standard Book Number | 9780253069252 |
| 100 ## - MAIN ENTRY--PERSONAL NAME | |
| Personal name | Julie Wosk |
| 9 (RLIN) | 1107658 |
| 245 ## - TITLE STATEMENT | |
| Title | Artificial Women: Sex Dolls, Robot Caregivers, and More Facsimile Females |
| 260 ## - PUBLICATION, DISTRIBUTION, ETC. | |
| Name of publisher, distributor, etc. | Indiana University Press |
| Date of publication, distribution, etc. | 2024 |
| 942 ## - ADDED ENTRY ELEMENTS (KOHA) | |
| Koha item type | Textual |
| Withdrawn status | Lost status | Source of classification or shelving scheme | Damaged status | Not for loan | Home library | Current library | Date acquired | Source of acquisition | Cost, normal purchase price | Inventory number | Total Checkouts | Barcode | Date last seen | Cost, replacement price | Price effective from | Koha item type |
|---|---|---|---|---|---|---|---|---|---|---|---|---|---|---|---|---|
| Colon Classification (CC) | Ordered | South Campus Library | South Campus Library | 2025-12-15 | 67 | 2177.28 | 1238 & 15/12/2025 | SC1691764 | 2025-12-15 | 2707.80 | 2025-12-15 | Textual |
